| 000 | 01250nac a22003131i 4500 | ||
|---|---|---|---|
| 003 | EG-ScBUE | ||
| 005 | 20240929110531.0 | ||
| 008 | 240929s2003 enka f b 001 0 eng d | ||
| 020 | _a9780521007948 | ||
| 020 | _a0521007941 (pbk.) | ||
| 035 | _a(OCoLC)ocm50525488 | ||
| 040 |
_aEG-ScBUE _beng _erda _cEG-ScBUE _dEG-ScBUE |
||
| 082 | 0 | 4 |
_a515 _bSÜL _222 |
| 100 | 1 |
_aSüli, Endre, _d1956- _eauthor. |
|
| 245 | 1 | 3 |
_aAn introduction to numerical analysis / _cSüli Endre and David F. Mayers, University of Oxford. |
| 264 | 1 |
_aCambridge ; _aNew York : _bCambridge University Press, _c2003. |
|
| 300 |
_ax, 433 pages : _billustrations ; _c23 cm |
||
| 336 |
_2rdacontent _atext _btxt |
||
| 337 |
_aunmediated _2rdamedia _bn |
||
| 338 |
_avolume _bnc _2rdacarrier |
||
| 504 | _aIncludes bibliographical references and index. | ||
| 650 | 7 |
_aNumerical analysis. _2BUEsh |
|
| 655 | _vReading book | ||
| 700 | 1 |
_aMayers, D. F. _q(David Francis), _d1931- _eauthor. |
|
| 856 | 4 | 1 |
_3Sample text _uhttp://www.loc.gov/catdir/samples/cam041/2003273860.html |
| 856 | 4 | 1 |
_3Publisher description _uhttp://www.loc.gov/catdir/description/cam041/2003273860.html |
| 856 | 4 | 1 |
_3Table of contents _uhttp://www.loc.gov/catdir/toc/cam041/2003273860.html |
| 942 |
_cBB _2ddc |
||
| 999 |
_c1323 _d1323 |
||